1095 1762 1029 1551 1170 1652 1347 1123 1641 1502 1549 1804 1658 1229 1836 1998 1948 1051 1919 1380 1513 1466 1495 1511 1946 1863 1504 1715 1040 1012 1710 1806 1770 1634 1461 1777 1044 1834 1833 1677 1357 1274 1206 1022 1933 1122 1045 1298 1786 1503 1946 1220 1523 1530 1399 1135 1746 1617 1398 1199 1675 1973 1249 1535 1203 1282 1317 1138 1557 1196 1876 1712 1741 1574 1969 1470 1094 1362 1715 1378 1935 1067 1162 1092 1875 1676 1621 1371 1716 1501 1719 1327 1414 1155 1587 1046 1194 1774 1319 BCNSPRNW ULIB Ver.6.0+V

เปลี่ยนเป็นภาษาไทย

Change to English
 แสดงรายละเอียดบรรณานุกรม
  กลับหน้าหลัก

Brief Record : Get Marc (ISO 2709) : E-mail record : QR code < ปิดหน้าต่าง
LEADER : 00000nam 2200000uu 4500
001    13399110564
003     ULIB
008    110603s2552||||th 000 0 tha d
020    9789744141156
041 0  tha^heng
050  4 HD66^bอ897ก 2552
100 0  เอปสไตน์, โรเบิร์ต
245 10 เกมและกิจกรรมสร้างแรงจูงใจทีมงาน! =^bThe big book ofmotivation games /^cผู้เขียน โรเบิร์ต เอปสไตน์, เจสสิก้า โรเจอรส์ ; ผู้แปล ณัฐวรรธน์ กิจรัตนโกศล
246 31 Big bank of motivation games
250    พิมพ์ครั้งที่ 1
260    กรุงเทพฯ :^bเอ็กซเปอร์เน็ท,^c2552
300    215 หน้า ;^c21 ซม.
650  7 กลุ่มทำงาน
650  7 การบริหารงานบุคคล
650  7 การจูงใจ (จิตวิทยา)
650  7 ลูกจ้าง^xการฝึกอบรม
700 0  ณัฐวรรธน์ กิจรัตนโกศล,^eผู้แปล
700 1  โรเจอรส์, เจสสิก้า
700 1  Epstein, Robert
700 1  Rogers, Jessica
945    ^p185^l0^i18204
945    ^p185^l0^i17722
995    เกษร
999     ^aใช้งานได้ทุกระบบ
รายการนี้ยังไม่มีแท็ก
คุณยังไม่ได้ล็อกอิน คุณสามารถมีกิจกรรมร่วมกับเว็บไซต์ได้ แต่ต้องล็อกอินก่อน ::
  ล็อกอิน

รายการสื่อสารสนเทศ

ลำดับที่ ประเภท เลขเรียก/บาร์โค้ด สถานที่ สถานะ
1. วิทยาศาสตร์การแพทย์ และสุขภาพ
วิทยาศาสตร์การแพทย์ และสุขภาพ
HD66 อ897ก 2552 ฉ.2 
  Barcode: 17722
ห้องสมุดวิทยาเขตสวรรค์ประชารักษ์
►หนังสือทั่วไป
บนชั้น

รายการใกล้เคียง
    ผู้แต่ง [เอปสไตน์, โรเบิร์ต]

    หัวเรื่อง [กลุ่มทำงาน]
    หัวเรื่อง [การบริหารงานบุคคล]
    หัวเรื่อง [การจูงใจ (จิตวิทยา)]

BibComment


ยังไม่เคยถูกคอมเมนท์

คอมเมนท์ทรัพยากรรายการนี้
  คอมเมนท์: เกมและกิจกรรมสร้า..


 Copyright 2026. Bcnsprnw @Library